00317nam a22001217a 4500040000900000082001800009100002100027245007700048250001900125260003400144300001000178521000700188 cNUST a629.1343bHOD aHodges, Dewey H. aIntroduction to Structural Dynamics and Aeroelasticity/cDewey H. Hodges aSecond Edition aNew York :bCambridge;c2011. a247p. bHB